Football Teams Yerry Mina Played For - Statistics

General Stats
  • This quiz has been taken 16 times
  • The average score is 4 of 7
Answer Stats
League Years Team % Correct
Spain 2018 FC Barcelona
92%
England 2018-2023 Everton FC
75%
Italy 2023-2024 ACF Fiorentina
58%
Italy 2024- Cagliari Calcio
50%
Colombia 2014-2016 Independiente Santa Fe
33%
Colombia 2013-2014 Asociación Deportivo Pasto
25%
Brazil 2016-2018 SE Palmeiras
25%
No matching quizzes found
Score Distribution
Percent of People with Each Score
Percentile by Number Answered
Your Score History
You have not taken this quiz